000 01033nam a2200217Ia 4500
003 Ost
005 20260416102356.0
008 260416s9999||||xx |||||||||||||| ||und||
040 _cfsecg
041 _aara
082 _a658.57
100 _aالعايب، ياسين
_eمؤلف
245 0 _aبحوث العمليات /
_c ياسين العايب
260 _aالجزائر
_bجامعة الجزائر3: كلية العلوم الإقتصادية، العلوم التجارية وعلوم التسيير
_c2019
300 _a108 ورقة
_bايضاحات
_c30 سم
504 _aمراجع ص.108
520 _aعرض نماذج برمجة الاعداد الصحيحة مع بعض الامثلة الاكثر شيوعا و كذا استعراض الشبكات طرق و خورزميات حلها.
653 _aبحوث العمليات
710 _aجامعة الجزائر3: كلية العلوم الإقتصادية، العلوم التجارية وعلوم التسيير
_eناشر علمي
942 _cHANDOUT
999 _c41213
_d41213